শিলাবিদ্যা / (Record no. 4535)
[ view plain ]
| 000 -LEADER | |
|---|---|
| fixed length control field | 00637nam a2200217 a 4500 |
| 001 - CONTROL NUMBER | |
| JCCL Control Number | 4535 |
| 003 - CONTROL NUMBER IDENTIFIER | |
| JCCL marc code | BD-JhCC |
| 005 - DATE AND TIME OF LATEST TRANSACTION | |
| control field | 20171128181847.0 |
| 008 - FIXED-LENGTH DATA ELEMENTS--GENERAL INFORMATION | |
| fixed length control field | 171128s1979 b ||||| |||| 00| 0 b d |
| 035 ## - SYSTEM CONTROL NUMBER | |
| system control number | (BD-JhCC) |
| 040 ## - CATALOGING SOURCE | |
| Original cataloging agency | BD-JhCC |
| Modifying agency | BD-JhCC |
| 041 ## - LANGUAGE CODE | |
| Language code of Book | ben |
| 082 ## - DEWEY DECIMAL CLASSIFICATION NUMBER | |
| Classification number | 552 |
| Author mark and Year | HAQ 1979 |
| 100 ## - MAIN ENTRY--PERSONAL NAME | |
| Personal name | হক, মাজহারুল সৈয়দ |
| 245 ## - TITLE STATEMENT | |
| Title | শিলাবিদ্যা / |
| Statement of responsibility, etc | সৈয়দ মাজহারুল হক |
| 260 ## - PUBLICATION, DISTRIBUTION, ETC. (IMPRINT) | |
| Place of publication, distribution, etc | ঢাকা : |
| Name of publisher, distributor, etc | বাংলা একাডেমী, |
| Date of publication, distribution, etc | ১৯৭৯ |
| 300 ## - PHYSICAL DESCRIPTION | |
| Pagination | 380 p. : |
| Dimensions | 22cm. |
| 650 ## - SUBJECT ADDED ENTRY--TOPICAL TERM | |
| Topical term or geographic name as entry element | Petrology |
| 942 ## - ADDED ENTRY ELEMENTS (KOHA) | |
| Source of classification or shelving scheme | Dewey Decimal Classification |
| Koha item type | Books |
| Source of classification or shelving scheme | Damaged status | Not for loan | Home library | Current library | Shelving location | Date of accession | Cost, normal purchase price | Total Checkouts | Full call number | Barcode | Date last seen | Copy number | Koha item type |
|---|---|---|---|---|---|---|---|---|---|---|---|---|---|
| Dewey Decimal Classification | JCC Rouf Library | JCC Rouf Library | General Stacks | 11/28/2017 | 30.00 | 552 HAQ 1979 | 6533 | 11/28/2017 | C-1 | Books |